Gaming Quiz

Random Gaming or Play Quiz

Backyard Summer Games Quiz Stats

 Plays Quiz Updated Jul 10, 2014

Support Sporcle.
Go Orange.
Score 0/18 Timer 06:00
2 Plays Today
% Correct
Hopscotch
97%
Miniature Golf
95%
Marbles
92.5%
Lawn Scrabble
91.6%
Lawn Darts
91.4%
Horseshoes
89.4%
Tug of War
89%
Giant Connect Four
88.9%
Croquet
84.9%
% Correct
Badminton
83.8%
Disc Golf
71.3%
Cornhole
70.8%
Egg Rolling
70.3%
Four Square
68.6%
Bocce
67.9%
Lawn Bowling
62.3%
Garden Quoits
52%
Ladder Toss
29.1%

You're not logged in!

Compare scores with friends on all Sporcle quizzes.
OR
Log In

From the Vault

Word Ladder 3D: Staircase

by gazzso

Hopefully your staircases are in 3 dimensions, because you'd have problems going through your house in only 2 dimensions.
Remove Ads.
Support Sporcle.
Get the best of Sporcle when you Go Orange. This ad-free experience offers more features, more stats, and more fun while also helping to support Sporcle. Thank you for becoming a member.

Show Comments

Extras

Top Quizzes Today


Score Distribution

Your Account Isn't Verified!

In order to create a playlist on Sporcle, you need to verify the email address you used during registration. Go to your Sporcle Settings to finish the process.

Report this User

Report this user for behavior that violates our Community Guidelines.

Details: